[Event "Titled Tuesday intern op 02nd May Late"]
[Site "Chess.com INT"]
[Date "2023.05.02"]
[Round "1"]
[White "Osinenko, Anton"]
[Black "Bogaudinov, Rushan"]
[Result "1-0"]
[WhiteElo "2203"]
[BlackElo "1939"]
[PlyCount "117"]
[EventDate "2023.05.02"]
[EventType "swiss (blitz)"]
[EventRounds "11"]
[EventCountry "USA"]
[SourceTitle "EXT 2024"]
[Source "ChessBase"]
[SourceDate "2023.10.10"]
[SourceVersion "1"]
[SourceVersionDate "2023.10.10"]
[SourceQuality "1"]

1. e4 c5 2. Nf3 e6 3. c3 d5 4. exd5 Qxd5 5. Na3 a6 6. Nc2 Nf6 7. d4 Nc6 8. h3 Be7 9. Be2 0-0 10. Be3 cxd4 11. Ncxd4 b5 12. Nxc6 Qxc6 13. Ne5 Qc7 14. Bf3 Bb7 15. Bxb7 Qxb7 16. 0-0 Rfd8 17. Qb3 Qd5 18. Nf3 Rac8 19. Rfd1 Qxb3 20. Rxd8+ Rxd8 21. axb3 Ra8 22. Nd4 b4 23. Nc6 Bf8 24. cxb4 Nd5 25. b5 a5 26. Rxa5 Rxa5 27. Nxa5 Bb4 28. Nc4 Kf8 29. b6 Nxb6 30. Bxb6 Ke7 31. Bd4 f6 32. Bc3 Bc5 33. b4 Ba7 34. b5 e5 35. Ba5 Ke6 36. Bc7 Kd5 37. b6 Bxb6 38. Nxb6+ Kc6 39. Bd8 Kb5 40. f3 Kb4 41. Kf2 Kb3 42. Nd7 Kxb2 43. Nf8 Kc3 44. Nxh7 Kd4 45. Nf8 Kd5 46. Bc7 Kc6 47. Ba5 Kd5 48. Bb4 f5 49. g4 f4 50. h4 e4 51. Bc3 e3+ 52. Ke2 g5 53. h5 Kd6 54. h6 Ke7 55. h7 Kf7 56. h8Q Ke7 57. Qf6+ Ke8 58. Qg7 Kd8 59. Qd7# 1-0

[Event "Titled Tuesday intern op 02nd May Late"]
[Site "Chess.com INT"]
[Date "2023.05.02"]
[Round "2"]
[White "Osmonbekov, Talaibek D"]
[Black "Osinenko, Anton"]
[Result "0-1"]
[WhiteElo "2137"]
[BlackElo "2203"]
[PlyCount "80"]
[EventDate "2023.05.02"]
[EventType "swiss (blitz)"]
[EventRounds "11"]
[EventCountry "USA"]
[SourceTitle "EXT 2024"]
[Source "ChessBase"]
[SourceDate "2023.10.10"]
[SourceVersion "1"]
[SourceVersionDate "2023.10.10"]
[SourceQuality "1"]

1. d4 Nf6 2. Bf4 b6 3. Nc3 Bb7 4. e3 d6 5. Nf3 Nbd7 6. Be2 g6 7. 0-0 Bg7 8. h3 0-0 9. a4 a5 10. Re1 Re8 11. Bh2 e5 12. dxe5 Nxe5 13. Nxe5 dxe5 14. Qxd8 Raxd8 15. Rad1 Nd5 16. Nxd5 Bxd5 17. b3 Be4 18. c3 Bc2 19. Rc1 Bxb3 20. Bb5 Re6 21. Rb1 Bc2 22. Rb2 Be4 23. Bg3 Red6 24. f3 Bb7 25. Bh4 f6 26. Bc4+ Kf8 27. Ree2 Rd1+ 28. Kh2 Ke7 29. f4 e4 30. f5 gxf5 31. Rf2 Bc8 32. Bg3 R8d7 33. Bb5 R7d6 34. Bxd6+ Rxd6 35. Rbd2 Bh6 36. Rxd6 Kxd6 37. Re2 Be6 38. c4 c6 39. Ba6 Kc7 40. g3 Kb8 0-1

[Event "Titled Tuesday intern op 25th Apr Early"]
[Site "Chess.com INT"]
[Date "2023.04.25"]
[Round "5"]
[White "Mrudul, Dehankar"]
[Black "Osinenko, Anton"]
[Result "1-0"]
[WhiteElo "2031"]
[BlackElo "2203"]
[PlyCount "79"]
[EventDate "2023.04.25"]
[EventType "swiss (blitz)"]
[EventRounds "11"]
[EventCountry "USA"]
[SourceTitle "EXT 2024"]
[Source "ChessBase"]
[SourceDate "2023.10.10"]
[SourceVersion "1"]
[SourceVersionDate "2023.10.10"]
[SourceQuality "1"]

1. e4 c5 2. Nf3 d6 3. d4 cxd4 4. Nxd4 Nf6 5. Nc3 a6 6. Bg5 Nbd7 7. f4 b5 8. Bxf6 gxf6 9. a4 b4 10. Nd5 Nc5 11. Qf3 Bb7 12. f5 Bxd5 13. exd5 Qb6 14. a5 Qb7 15. Bc4 Nd7 16. Bb3 Ne5 17. Ba4+ Kd8 18. Qe4 Rg8 19. Nc6+ Nxc6 20. Bxc6 Qa7 21. Bxa8 Qxa8 22. 0-0 Bh6 23. Kh1 Qb7 24. Rf3 Qb5 25. Rb3 Bd2 26. Rd1 h5 27. Qd3 Qxd3 28. Rxd3 Be3 29. Rxe3 Rg5 30. Rf3 Rg4 31. h3 Rc4 32. c3 Rc5 33. cxb4 Rc4 34. Rb3 Kc7 35. b5 axb5 36. Rxb5 Rc2 37. a6 Rc4 38. a7 Ra4 39. Rc1+ Kd7 40. Rb7+ 1-0

[Event "Titled Tuesday intern op 18th Apr Early"]
[Site "Chess.com INT"]
[Date "2023.04.18"]
[Round "2"]
[White "Osinenko, Anton"]
[Black "Szajbely, Zsigmond"]
[Result "1-0"]
[WhiteElo "2203"]
[BlackElo "2243"]
[PlyCount "53"]
[EventDate "2023.04.18"]
[EventType "swiss (blitz)"]
[EventRounds "11"]
[EventCountry "USA"]
[SourceTitle "EXT 2024"]
[Source "ChessBase"]
[SourceDate "2023.10.10"]
[SourceVersion "1"]
[SourceVersionDate "2023.10.10"]
[SourceQuality "1"]

1. e4 e5 2. Nf3 Nc6 3. c3 d5 4. Qa4 f6 5. d3 Be6 6. Be2 Bc5 7. b4 Bb6 8. 0-0 Nge7 9. b5 Nb8 10. Nbd2 Nd7 11. d4 exd4 12. cxd4 dxe4 13. Nxe4 0-0 14. Re1 Re8 15. Bc4 Nf8 16. Bxe6+ Nxe6 17. Nxf6+ gxf6 18. Rxe6 Nd5 19. Rxe8+ Qxe8 20. Qc4 Qf7 21. Bd2 a6 22. bxa6 Rxa6 23. Re1 Ne7 24. d5 Qxd5 25. Qg4+ Ng6 26. Bh6 Rxa2 27. Qc8+ 1-0

[Event "Titled Tuesday intern op 04th Oct Early"]
[Site "Chess.com INT"]
[Date "2022.10.04"]
[Round "2"]
[White "Aldokhin, Ivan"]
[Black "Osinenko, Anton"]
[Result "0-1"]
[WhiteElo "2413"]
[BlackElo "2203"]
[PlyCount "122"]
[EventDate "2022.10.04"]
[EventType "swiss (blitz)"]
[EventRounds "11"]
[EventCountry "USA"]
[SourceTitle "EXT 2023"]
[Source "ChessBase"]
[SourceDate "2022.10.05"]
[SourceVersion "1"]
[SourceVersionDate "2022.10.05"]
[SourceQuality "1"]

1. e4 Nc6 2. Nf3 e6 3. d4 d5 4. Nc3 Nge7 5. Bd3 dxe4 6. Nxe4 Ng6 7. h4 a6 8. h5 Nge7 9. h6 Nf5 10. hxg7 Bxg7 11. c3 b6 12. g4 Nd6 13. Bg5 f6 14. Bf4 Bb7 15. Nxd6+ cxd6 16. Rxh7 Rxh7 17. Bxh7 Qe7 18. Bg6+ Kd7 19. d5 exd5+ 20. Kf1 Ne5 21. Bf5+ Kc7 22. Nd4 Rh8 23. Kg2 Bh6 24. Bxh6 Rxh6 25. Qe2 Qe8 26. Rh1 Rxh1 27. Kxh1 Qh8+ 28. Kg2 Qh6 29. f4 Nc6 30. g5 fxg5 31. Ne6+ Kb8 32. fxg5 Qh8 33. g6 d4 34. g7 Qg8 35. Kh2 Ne7 36. Bh3 Bd5 37. Nxd4 Qxg7 38. b3 Qe5+ 39. Qxe5 dxe5 40. Nc2 Kc7 41. Kg3 Kd6 42. Ne3 Be4 43. Kf2 Bd3 44. Ng4 Nd5 45. Nh6 Nxc3 46. Ke3 Bb1 47. Nf7+ Kd5 48. a3 Ba2 49. b4 Nb5 50. Nd8 Kd6 51. Kd2 Kc7 52. Ne6+ Bxe6 53. Bxe6 Nxa3 54. Kc3 Kd6 55. Bh3 Nb5+ 56. Kc4 Nd4 57. Kd3 Ne6 58. Ke4 Ng5+ 59. Kd3 Nxh3 60. Kc4 b5+ 61. Kb3 Ng5 0-1

[Event "Titled Tuesday intern op 04th Oct Early"]
[Site "Chess.com INT"]
[Date "2022.10.04"]
[Round "10"]
[White "Howell, David"]
[Black "Osinenko, Anton"]
[Result "1/2-1/2"]
[WhiteElo "2667"]
[BlackElo "2203"]
[PlyCount "123"]
[EventDate "2022.10.04"]
[EventType "swiss (blitz)"]
[EventRounds "11"]
[EventCountry "USA"]
[SourceTitle "EXT 2023"]
[Source "ChessBase"]
[SourceDate "2022.10.05"]
[SourceVersion "1"]
[SourceVersionDate "2022.10.05"]
[SourceQuality "1"]

1. c4 Nf6 2. f4 d5 3. cxd5 Qxd5 4. Nc3 Qa5 5. Nf3 Nbd7 6. e4 e5 7. fxe5 Nxe5 8. Nxe5 Qxe5 9. d4 Qe7 10. e5 Ng4 11. Be2 Qh4+ 12. g3 Qh3 13. Bf4 Qg2 14. Kd2 Nxh2 15. Qb3 g5 16. Be3 c6 17. Rad1 Be7 18. Kc1 Qxg3 19. Ne4 Qh4 20. Nf6+ Bxf6 21. exf6 Be6 22. Qxb7 0-0 23. Rhg1 h6 24. Qc7 Rab8 25. Qg3 Qe4 26. Bd3 Qf3 27. Rde1 Qxg3 28. Rxg3 Ng4 29. Bg1 h5 30. b3 Rfd8 31. Kb2 h4 32. Rf1 c5 33. Rgf3 cxd4 34. Be4 Rd7 35. Rd3 Rbd8 36. Rfd1 Nxf6 37. Bh1 h3 38. Bxd4 Nh5 39. Kc3 Nf4 40. R3d2 Kh7 41. Be4+ f5 42. Bf3 Kg6 43. Be3 Rxd2 44. Rxd2 Rxd2 45. Kxd2 Nd5 46. Bxa7 g4 47. Bxd5 Bxd5 48. Bb8 Kg5 49. Ke3 Kh4 50. Kf2 Kg5 51. Kg3 Kf6 52. Bf4 Ke6 53. Kf2 Kd7 54. Ke3 Kc6 55. Kd4 Be4 56. a4 Bc2 57. Kc3 Bd1 58. Kc4 Be2+ 59. Kd4 Bd1 60. Kc4 Be2+ 61. Kd4 Bd1 62. Kc4 1/2-1/2

[Event "Titled Tuesday intern op 04th Oct Early"]
[Site "Chess.com INT"]
[Date "2022.10.04"]
[Round "6"]
[White "Hristodoulou, Panagiotis"]
[Black "Osinenko, Anton"]
[Result "1-0"]
[WhiteElo "2372"]
[BlackElo "2203"]
[PlyCount "87"]
[EventDate "2022.10.04"]
[EventType "swiss (blitz)"]
[EventRounds "11"]
[EventCountry "USA"]
[SourceTitle "EXT 2023"]
[Source "ChessBase"]
[SourceDate "2022.10.05"]
[SourceVersion "1"]
[SourceVersionDate "2022.10.05"]
[SourceQuality "1"]

1. e4 Nc6 2. d4 d5 3. e5 Bf5 4. c3 e6 5. h4 h5 6. Bd3 Nge7 7. Bg5 Qd7 8. Nh3 0-0-0 9. Na3 Kb8 10. Bxf5 exf5 11. Nc2 Qe6 12. Nf4 Qd7 13. Qd3 Re8 14. 0-0-0 Nc8 15. Rhe1 Nb6 16. Ne3 g6 17. Bf6 Rg8 18. g3 Bh6 19. Neg2 Na5 20. b3 c6 21. Kb1 Qc7 22. e6 Ka8 23. Be5 Qe7 24. exf7 Qxf7 25. Bd6 Rxe1 26. Rxe1 Bf8 27. Bb4 Bxb4 28. cxb4 Nac4 29. bxc4 Nxc4 30. Ne6 a5 31. bxa5 Qe7 32. Nc5 Qc7 33. Qc3 Rb8 34. Ka1 Nd6 35. Na4 Nb5 36. Nb6+ Ka7 37. Qc5 Ka6 38. a4 Nd6 39. Nf4 Ne4 40. Rxe4 fxe4 41. Nfxd5 Qg7 42. Nb4+ Ka7 43. Nc8+ Ka8 44. Qa7# 1-0

[Event "Titled Tuesday intern op 06th Sep Early"]
[Site "Chess.com INT"]
[Date "2022.09.06"]
[Round "4"]
[White "Broca Jimenez, Fernando"]
[Black "Osinenko, Anton"]
[Result "0-1"]
[WhiteElo "2075"]
[BlackElo "2203"]
[PlyCount "90"]
[EventDate "2022.09.06"]
[EventType "swiss (blitz)"]
[EventRounds "11"]
[EventCountry "USA"]
[SourceTitle "EXT 2023"]
[Source "ChessBase"]
[SourceDate "2022.10.05"]
[SourceVersion "1"]
[SourceVersionDate "2022.10.05"]
[SourceQuality "1"]

1. e4 c5 2. c3 Nf6 3. e5 Nd5 4. d4 cxd4 5. cxd4 d6 6. Nf3 Nc6 7. exd6 exd6 8. Nc3 Nc7 9. Bd3 Bg4 10. d5 Ne5 11. Be2 Nxf3+ 12. Bxf3 Bxf3 13. Qxf3 Be7 14. 0-0 0-0 15. Be3 Bf6 16. Rfd1 a6 17. Bd4 Bxd4 18. Rxd4 Re8 19. Rc1 Qg5 20. Qf4 Qxf4 21. Rxf4 Rac8 22. Rd1 b5 23. Kf1 Re5 24. Rfd4 Rce8 25. f4 R5e7 26. Kf2 f6 27. R1d2 Kf7 28. Re2 Rxe2+ 29. Nxe2 Na8 30. Nc3 Nb6 31. Rd3 Rc8 32. b3 Ke7 33. a3 Kd7 34. Ke3 Ke7 35. Kd4 Nd7 36. Re3+ Kd8 37. b4 Nb6 38. Ne4 Rc4+ 39. Kd3 Kd7 40. Ke2 Rc2+ 41. Kf3 Nc4 42. Rd3 Ra2 43. a4 Rxa4 44. Rb3 f5 45. Ng5 Nd2+ 0-1

[Event "Titled Tuesday intern op 06th Sep Early"]
[Site "Chess.com INT"]
[Date "2022.09.06"]
[Round "2"]
[White "Seo, Jung Min"]
[Black "Osinenko, Anton"]
[Result "1-0"]
[WhiteElo "2516"]
[BlackElo "2203"]
[PlyCount "57"]
[EventDate "2022.09.06"]
[EventType "swiss (blitz)"]
[EventRounds "11"]
[EventCountry "USA"]
[SourceTitle "EXT 2023"]
[Source "ChessBase"]
[SourceDate "2022.10.05"]
[SourceVersion "1"]
[SourceVersionDate "2022.10.05"]
[SourceQuality "1"]

1. d4 Nf6 2. Nf3 b6 3. c4 Bb7 4. Nc3 e6 5. a3 Be7 6. Qc2 d5 7. cxd5 exd5 8. Bg5 0-0 9. e3 h6 10. Bh4 Nbd7 11. Bd3 c5 12. 0-0 cxd4 13. Nxd4 Rc8 14. Nf5 Bc5 15. Qd1 a6 16. Bc2 Re8 17. Qf3 Bf8 18. Rad1 Re6 19. Bb3 Ne5 20. Qg3 Ng6 21. Nxd5 Qe8 22. Bxf6 gxf6 23. Nc7 Rxc7 24. Qxc7 Be4 25. Bxe6 Qxe6 26. Ng3 Bxg2 27. Kxg2 Nh4+ 28. Kh1 Qh3 29. Qc6 1-0